000 00301nam a22001337a 4500
008 170505b xxu||||| |||| 00| 0 eng d
020 _a9780135005606
041 _aeng
080 _28TH
_a343.9
100 _a15
101 _aSHJ
245 _aCRIMINAL INVESTIGATION
_cGILBERT, J.N
942 _2udc
_cBK
999 _c12752
_d12752